تحميل...

Sooni ma /

التفاصيل البيبلوغرافية
المؤلف الرئيسي: Sreeraman, C. V.
التنسيق: Printed Book
اللغة:Malayalam
منشور في: DCB , 1987.
الموضوعات:
LEADER 00483nam a2200157Ia 4500
008 150624b xxu||||| |||| 00| j mal d
082 |a 855.S17 
100 |a Sreeraman, C. V. 
245 |c C. V. Sreeraman  |a Sooni ma / 
260 |b DCB ,  |c 1987. 
300 |a 140 p. 
546 |a In Malayalam. 
650 |v Short stories 
942 |c BK 
999 |c 81429  |d 81429 
952 |0 1  |1 4  |4 0  |6 855_000000000000000_S17_SOO_M  |7 0  |9 81373  |a UL  |b UL  |c ST1  |d 1998-09-15  |l 0  |o 855.S17 SOO M  |p 60939  |r 2012-10-27  |w 2012-10-27  |y BK